[Event "NED-ch 2003 sf"]
[Site "Leeuwarden"]
[Date "2003.03.04"]
[Round "2.2"]
[White "Jonkman, Harmen"]
[Black "Van der Weide, Karel"]
[Result "1-0"]
[WhiteElo "2456"]
[BlackElo "2400"]
[PlyCount "82"]
[EventDate "2002.??.??"]

1. e4 g6 2. d4 Bg7 3. Nc3 c5 4. dxc5 Bxc3+ 5. bxc3 Nf6 6. f3 Qa5 7. Be3 Qxc3+
8. Kf2 Nc6 9. Bb5 O-O 10. Ne2 Qe5 11. a4 a6 12. Bxc6 dxc6 13. Qd2 Be6 14. Qd4
Qc7 15. Qc3 Rad8 16. Bf4 Qc8 17. Bh6 Rfe8 18. h4 Qc7 19. Bf4 Qc8 20. Rab1 Nh5
21. g4 Bxg4 22. fxg4 Nxf4 23. Nxf4 Qxg4 24. Qe3 e5 25. Ne2 f5 26. Rxb7 fxe4 27.
Qh3 e3+ 28. Qxe3 Rf8+ 29. Ke1 Qf5 30. h5 g5 31. h6 Kh8 32. Ng3 Qf4 33. Rb3 Rfe8
34. Rf1 Qxa4 35. Rf7 Qa1+ 36. Kf2 Rf8 37. Rbb7 Rxf7+ 38. Rxf7 Qb2 39. Kg1 Rd1+
40. Nf1 Rd8 41. Qf3 Kg8 1-0

[Event "NED-ch 2003 sf"]
[Site "Leeuwarden"]
[Date "2003.03.22"]
[Round "3.1"]
[White "Dambacher, Martijn"]
[Black "Nijboer, Friso"]
[Result "0-1"]
[WhiteElo "2362"]
[BlackElo "2556"]
[PlyCount "66"]
[EventDate "2002.??.??"]

1. d4 Nf6 2. c4 g6 3. Nc3 Bg7 4. e4 d6 5. Nf3 O-O 6. Be2 e5 7. O-O Nc6 8. d5
Ne7 9. Ne1 Nd7 10. Be3 f5 11. f3 f4 12. Bf2 g5 13. a4 Ng6 14. a5 h5 15. Nb5 Nf6
16. Nxa7 Bd7 17. c5 g4 18. cxd6 g3 19. Bc5 Nh7 20. Bb5 Qh4 21. h3 Bxh3 22. gxh3
Qxh3 23. Qe2 cxd6 24. Bb6 Nh4 25. Rc1 Ng5 26. Rc3 Rf6 27. a6 bxa6 28. Bxa6 Rg6
29. Bc8 Rxc8 30. Rxc8+ Kh7 31. Rc2 g2 32. Qxg2 Nxg2 33. Rxg2 Nxf3+ 0-1

[Event "NED-ch 2003 sf"]
[Site "Leeuwarden"]
[Date "2003.03.22"]
[Round "3.1"]
[White "Van der Wiel, John"]
[Black "Kroeze, Frank"]
[Result "1-0"]
[WhiteElo "2509"]
[BlackElo "2375"]
[PlyCount "47"]
[EventDate "2002.??.??"]

1. e4 c6 2. Nf3 d5 3. Nc3 dxe4 4. Nxe4 Nf6 5. Nxf6+ gxf6 6. g3 Bg4 7. Bg2 Qd7
8. h3 Bf5 9. d3 h5 10. Be3 Bh6 11. Bxh6 Rxh6 12. Qd2 Rh8 13. O-O-O Na6 14. Qe3
Nc7 15. Rhe1 Qd6 16. Nd2 Ne6 17. Ne4 Qe5 18. d4 Qa5 19. d5 cxd5 20. Rxd5 Qxa2
21. Nc3 Qa1+ 22. Kd2 Qxb2 23. Rxf5 Rd8+ 24. Rd5 1-0

[Event "NED-ch 2003 sf"]
[Site "Leeuwarden"]
[Date "2003.03.22"]
[Round "3.1"]
[White "Van der Weide, Karel"]
[Black "Janssen, Ruud"]
[Result "0-1"]
[WhiteElo "2400"]
[BlackElo "2473"]
[PlyCount "80"]
[EventDate "2002.??.??"]

1. e4 c5 2. Nf3 Nc6 3. d4 cxd4 4. Nxd4 Nf6 5. Nc3 e5 6. Ndb5 d6 7. Bg5 a6 8.
Na3 b5 9. Bxf6 gxf6 10. Nd5 f5 11. Bd3 Be6 12. O-O Bxd5 13. exd5 Ne7 14. c3 Bg7
15. Qh5 e4 16. Bc2 Qc8 17. Rae1 O-O 18. Kh1 Rb8 19. Bb1 b4 20. cxb4 Nxd5 21.
Bxe4 Nf6 22. Qxf5 Rxb4 23. Qf3 Rxb2 24. Bb1 d5 25. Qd3 Re8 26. f3 Re6 27. Rc1
Qb8 28. Nc2 Bh6 29. Rcd1 Re5 30. f4 Re4 31. Ne3 Rb5 32. Nf5 Bxf4 33. Qf3 Reb4
34. Bd3 Qe5 35. g3 Bg5 36. h4 Ne4 37. Bxe4 dxe4 38. Qg4 h6 39. hxg5 e3 40.
gxh6+ Rxg4 0-1

[Event "NED-ch 2003 sf"]
[Site "Leeuwarden"]
[Date "2003.03.22"]
[Round "3.1"]
[White "Smeets, Jan"]
[Black "Delemarre, Jop"]
[Result "0-1"]
[WhiteElo "2461"]
[BlackElo "2418"]
[PlyCount "56"]
[EventDate "2002.??.??"]

1. e4 e6 2. d4 d5 3. Nc3 Bb4 4. e5 c5 5. a3 Bxc3+ 6. bxc3 Ne7 7. Qg4 O-O 8. Bd3
Nbc6 9. Qh5 Ng6 10. Nf3 Qc7 11. Be3 Nce7 12. O-O c4 13. Be2 Bd7 14. h4 f5 15.
exf6 gxf6 16. Rae1 Kh8 17. Kh1 Nf5 18. Bd2 Rg8 19. g4 Nf4 20. Qf7 Raf8 21. Bxf4
Qxf4 22. Qxd7 Rg7 23. Qxg7+ Nxg7 24. Rg1 e5 25. dxe5 fxe5 26. Bd1 e4 27. Nh2
Qd2 28. f3 e3 0-1

[Event "NED-ch 2003 sf"]
[Site "Leeuwarden"]
[Date "2003.03.23"]
[Round "3.2"]
[White "Nijboer, Friso"]
[Black "Dambacher, Martijn"]
[Result "1-0"]
[WhiteElo "2556"]
[BlackElo "2362"]
[PlyCount "59"]
[EventDate "2002.??.??"]

1. e4 c5 2. Nf3 e6 3. Nc3 d6 4. d4 cxd4 5. Nxd4 Nf6 6. Be2 Nc6 7. Be3 Be7 8.
O-O O-O 9. f4 Qc7 10. Kh1 a6 11. Qe1 Bd7 12. Qg3 Kh8 13. Bf3 Rac8 14. a3 Na5
15. e5 Ne8 16. Nf5 exf5 17. Nd5 Qb8 18. Nxe7 Rxc2 19. Rad1 Nc4 20. Bd4 dxe5 21.
fxe5 Be6 22. Nd5 Nd2 23. Rf2 Nxf3 24. Rxc2 Bxd5 25. gxf3 Bb3 26. Bb6 f4 27.
Qxf4 Nd6 28. Bc7 Qa7 29. exd6 Bxc2 30. Qd4 1-0

[Event "NED-ch 2003 sf"]
[Site "Leeuwarden"]
[Date "2003.03.23"]
[Round "3.2"]
[White "Kroeze, Frank"]
[Black "Van der Wiel, John"]
[Result "1/2-1/2"]
[WhiteElo "2375"]
[BlackElo "2509"]
[PlyCount "39"]
[EventDate "2002.??.??"]

1. e4 c5 2. c3 d5 3. exd5 Qxd5 4. d4 Nf6 5. Nf3 Bg4 6. dxc5 Qxd1+ 7. Kxd1 e5 8.
Be3 Nbd7 9. b4 e4 10. h3 Bh5 11. g4 Nxg4 12. hxg4 Bxg4 13. Nbd2 exf3 14. Rg1 h5
15. Bd4 Be7 16. Bxg7 Rg8 17. Bd4 O-O-O 18. Kc2 Ne5 19. Kb2 Nc6 20. Be3 1/2-1/2

[Event "NED-ch 2003 sf"]
[Site "Leeuwarden"]
[Date "2003.03.23"]
[Round "3.2"]
[White "Janssen, Ruud"]
[Black "Van der Weide, Karel"]
[Result "1-0"]
[WhiteElo "2473"]
[BlackElo "2400"]
[PlyCount "65"]
[EventDate "2002.??.??"]

1. d4 Nf6 2. c4 c5 3. d5 e6 4. Nc3 exd5 5. cxd5 d6 6. e4 g6 7. Bd3 Bg7 8. h3
O-O 9. Bg5 a6 10. a4 Re8 11. Nf3 Nbd7 12. O-O Ne5 13. Nxe5 Rxe5 14. Qd2 Qc7 15.
Rae1 c4 16. Bb1 Nd7 17. Bf4 Re8 18. Bh6 Qc5 19. Kh1 b5 20. Bxg7 Kxg7 21. f4 b4
22. Ne2 a5 23. f5 Ne5 24. f6+ Kh8 25. Ng1 c3 26. Qg5 c2 27. Bxc2 Qxc2 28. Rf4
Bg4 29. hxg4 Nd3 30. Re2 Qc1 31. Qh6 Rg8 32. g3 Nxf4 33. gxf4 1-0

[Event "NED-ch 2003 sf"]
[Site "Leeuwarden"]
[Date "2003.03.23"]
[Round "3.2"]
[White "Delemarre, Jop"]
[Black "Smeets, Jan"]
[Result "1/2-1/2"]
[WhiteElo "2418"]
[BlackElo "2461"]
[PlyCount "109"]
[EventDate "2002.??.??"]

1. d4 Nf6 2. c4 e6 3. Nf3 a6 4. Nc3 c5 5. dxc5 Bxc5 6. a3 Be7 7. e3 b6 8. Be2
Bb7 9. O-O O-O 10. b4 a5 11. bxa5 Rxa5 12. Qb3 Na6 13. Rb1 Ne4 14. Nd2 Nac5 15.
Qc2 Nxc3 16. Qxc3 Na4 17. Qc2 Qc7 18. Bd3 h6 19. Rb5 Raa8 20. Nb1 Nc5 21. Be2
Bc6 22. Nc3 Bxb5 23. Nxb5 Qe5 24. Bf3 Rad8 25. Bb2 Qg5 26. g3 Bf6 27. Bd4 Rb8
28. Rd1 Bxd4 29. exd4 Nb7 30. Qa4 Qe7 31. Kg2 Rfc8 32. Rb1 Kf8 33. Na7 Rd8 34.
Rxb6 Nd6 35. c5 Nf5 36. Rxb8 Rxb8 37. c6 dxc6 38. Nxc6 Qd7 39. Qa5 Re8 40. a4
Kg8 41. Qb6 Ne7 42. Nxe7+ Rxe7 43. a5 Qa7 44. Qd8+ Kh7 45. a6 Rc7 46. Qa8 Qb6
47. Qd8 g6 48. h4 h5 49. Be4 Qa7 50. Bb7 Qb6 51. Be4 Kg7 52. d5 exd5 53. Bxd5
Qa7 54. Qd6 Re7 55. Bb7 1/2-1/2